Équipe d'Uruguay de Football - Tous les joueurs (2010-....) - Statistiques

Statistiques générales
  • Ce quiz a été pris 247 fois
    30 depuis la dernière actualisation
  • Le résultat moyen est 29 sur 118
Statistiques - réponses
Première sélection Dernière sélection Joueur Nb de sélections % Correct
2022 2022 Damian Suarez 7
96%
2005 2022 Diego Godin 161
96%
2008 2022 Edinson Cavani 136
96%
2007 2024 Luis Suarez 143
96%
2018 2019 Mathias Suarez 3
96%
2009 Fernando Muslera 133
89%
2002 2014 Diego Forlan 112
85%
2017 Federico Valverde 71
85%
2013 José Maria Gimenez 97
85%
2017 2023 Maxi Gomez 32
63%
2016 2019 Diego Laxalt 24
59%
2017 Rodrigo Bentancur 74
59%
2024 Cesar Araujo 1
56%
2019 Darwin Nunez 36
56%
2023 Maxi Araujo 26
56%
2020 Ronald Araujo 25
56%
2019 Brian Rodriguez 31
52%
2003 2018 Cristian Rodriguez 110
52%
2014 2023 Jonathan Rodriguez 31
52%
2008 2010 Jorge Rodriguez 5
52%
2023 José Luis Rodriguez 5
52%
2024 Luciano Rodriguez 5
52%
2007 2022 Martin Caceres 116
52%
2022 Sebastian Caceres 23
52%
2003 2014 Diego Lugano 95
48%
2021 Manuel Ugarte 34
48%
2010 2017 Abel Hernandez 29
44%
2014 2018 Carlos Sanchez 38
44%
2009 2012 Alvaro Fernandez 12
37%
2008 2016 Alvaro Pereira 83
37%
2023 Emiliano Martinez 8
37%
2021 2021 Federico Martinez 1
37%
2014 Guzman Pereira 3
37%
2004 2013 Jorge Martinez 14
37%
2018 Lucas Torreira 40
37%
2005 2018 Maxi Pereira 125
37%
2006 2012 Sebastian Fernandez 14
37%
2001 2019 Diego Pérez 89
33%
2021 Agustin Alvarez 6
30%
2012 2019 Cristhian Stuani 50
30%
2022 Facundo Pellistri 37
30%
2016 Matias Vecino 60
30%
2020 Nicolas De La Cruz 33
30%
2014 Giorgian De Arrascaeta 58
26%
2023 Cristian Olivera 12
22%
2010 2018 Gaston Ramirez 43
22%
2022 Mathias Olivera 33
22%
2015 Nahitan Nandez 72
22%
2011 2023 Sébastian Coates 51
22%
2021 Facundo Torres 23
19%
2023 Franco Israel 3
19%
2017 Guillermo Varela 26
19%
2019 Matias Vina 43
19%
2006 2017 Alvaro Gonzalez 72
15%
2017 2021 Gaston Pereiro 13
15%
2019 Giovanni Gonzalez 17
15%
2006 2010 Ignacio Gonzalez 18
15%
2020 2022 Mauro Arambarri 12
15%
2022 Sergio Rochet 34
15%
2013 2017 Alejandro Silva 4
11%
2018 Bruno Méndez 7
11%
2014 2017 Diego Rolan 25
11%
2022 2023 Diego Rossi 3
11%
2014 2018 Gaston Silva 19
11%
2022 Martin Satriano 1
11%
2009 2019 Martin Silva 11
11%
2009 2019 Nicolas Lodeiro 60
11%
1996 2012 Sebastian Abreu 70
11%
2022 Agustin Canobbio 13
7%
2015 2019 Brian Lozano 8
7%
2014 2018 Camilo Mayada 8
7%
2020 2020 Gabriel Neves 1
7%
2021 Joaquin Piquerez 18
7%
2017 2018 Jonathan Urretaviscaya 6
7%
2006 2017 Jorge Fucile 49
7%
2025 Juan Manuel Sanabria 3
7%
2018 Marcelo Saracchi 11
7%
2016 2020 Martin Campana 9
7%
2015 2015 Michael Santos 2
7%
2024 Nicolas Fonseca 7
7%
2024 Rodrigo Aguirre 9
7%
2023 Rodrigo Zalazar 8
7%
2023 Santiago Bueno 8
7%
2023 Santiago Mele 8
7%
2022 2022 Sebastian Sosa 1
7%
2006 2013 Andrés Scotti 40
4%
2021 Brian Ocampo 1
4%
2006 2010 Carlos Valdez 17
4%
2025 Cristopher Fiermarin 2
4%
2008 2014 Diego Arismendi 4
4%
2006 2017 Egidio Arévalo Rios 90
4%
2014 2014 Emiliano Velazquez 1
4%
2023 Federico Vinas 9
4%
2007 2011 Juan Castillo 13
4%
2023 Lucas Olaza 7
4%
2014 2017 Mathias Corujo 22
4%
2017 2023 Mauricio Lemos 3
4%
2006 2016 Mauricio Victorino 24
4%
2024 Miguel Merentiel 1
4%
2024 Nicolas Marichal 5
4%
2025 Santiago Mouriño 1
4%
2001 2013 Sebastian Eguren 54
4%
2006 2014 Walter Gargano 64
4%
2020 2020 Agustin Oliveros 1
0%
2022 Agustin Rogel 1
0%
2005 2013 Chory Castro 5
0%
2021 David Terans 2
0%
2011 2011 Emiliano Alfaro 1
0%
2017 2017 Esteban Conde 1
0%
2017 2017 Federico Ricca 1
0%
2023 Felipe Carballo 7
0%
2021 2022 Fernando Gorriaran 7
0%
2025 Ignacio Laquintana 2
0%
2025 Julio Daguer 1
0%
2025 Kevin Amaro 3
0%
2012 2014 Matias Aguirregaray 6
0%
2023 Matias Arezo 3
0%
2023 Thiago Borbas 2
0%
Aucun quiz correspondant
Distribution des résultats
% des personnes avec chaque résultat
Percentile par nombre de réponses
Votre historique - résultats
Vous n’avez pas pris ce quiz depuis la dernière actualisation